| 000 | 00593cam a2200145 4500500 | ||
|---|---|---|---|
| 005 | 20260208002443.0 | ||
| 041 | _afre | ||
| 042 | _adc | ||
| 100 | 1 | 0 |
_aMasset, Claude _eauthor |
| 245 | 0 | 0 | _aNathalie Heinich, La Fabrique du patrimoine. « De la cathédrale à la petite cuillère », Paris, Éd. de la Msh, 2009, 286 p., bibl., index, fig. (« Ethnologie de la France » 31) |
| 260 | _c2011. | ||
| 500 | _a59 | ||
| 786 | 0 | _nL'Homme | 200 | 4 | 2011-11-01 | p. 227p-275p | 0439-4216 | |
| 856 | 4 | 1 | _uhttps://shs.cairn.info/revue-l-homme-2011-4-page-227p?lang=fr&redirect-ssocas=7080 |
| 999 |
_c1646443 _d1646443 |
||